000 00473cam a22002051 4500
001 sa 68004148
003 DLC
005 20260227112459.0
008 881028s1967 xx 000 0 hino
010 _asa 68004148
035 _a(OCoLC)23577838
040 _aDLC
_cMiU
_dDLC
042 _apremarc
050 0 0 _aPK1718.A365
_bB4
100 1 _aAhmad, Reyazuddin.
245 1 0 _aBedenī kanyā.
260 _c[1967]
300 _a112 p.
_c19 cm.
500 _aRomanized.
999 _c80002
_d80002